| 000 | 00533nam a2200181 a 4500 | ||
|---|---|---|---|
| 001 | 000032572 | ||
| 003 | DO-SdBNP | ||
| 005 | 20210630152953.0 | ||
| 008 | 110719s1975 dr a 000 0 spa d | ||
| 040 |
_aDO-SdBNP _bspa _cBNPHU |
||
| 049 | _aBNPD | ||
| 082 |
_axxxx _bP762p |
||
| 100 | 1 |
_aPérez Reyes, Héctor _926805 |
|
| 245 | 1 | 0 |
_aJoaquín Balaguer : _bpensamiento político. / _cHéctor Pérez Reyes. |
| 260 |
_aSanto Domingo, : _bEditora Cultural Dominicana, _c1975. |
||
| 300 |
_a[24 p.] : _bil. ; _c22 cm. |
||
| 942 |
_2ddc _cLBS1 |
||
| 999 |
_c32063 _d32063 |
||